00318pab a2200121 454500008004000000100001800040245005600058260000900114300001300123362001100136650001500147773003400162180718b2007 xxu||||| |||| 00| 0 eng d aSinha, Chitra aImages of motherhood: the Hindu code bill discourse c2007 ap.49-57. a27 Oct aFamily law aEconomic and Political Weekly